Catálogo

LAS SECTAS Y LAS SOCIEDADES SECRETAS A TRAVES DE LA HISTORIA (Registro nro. 59388)

Detalles MARC
000 -LEADER
fixed length control field 00462nam a2200157 a 4500
001 - CONTROL NUMBER
control field 59388
005 - DATE AND TIME OF LATEST TRANSACTION
control field 20180714060324.0
008 - FIXED-LENGTH DATA ELEMENTS--GENERAL INFORMATION
fixed length control field 140415s1975 mx 000 0 spa d
041 ## - LANGUAGE CODE
Language code of text/sound track or separate title spa
082 ## - DEWEY DECIMAL CLASSIFICATION NUMBER
Classification number 291.9
Item number VAL
100 1# - MAIN ENTRY--PERSONAL NAME
Personal name VALENTI CAMP, SANTIAGO
245 14 - TITLE STATEMENT
Title LAS SECTAS Y LAS SOCIEDADES SECRETAS A TRAVES DE LA HISTORIA
250 ## - EDITION STATEMENT
Edition statement 1a ed.
260 ## - PUBLICATION, DISTRIBUTION, ETC.
Place of publication, distribution, etc. MEXICO :
Name of publisher, distributor, etc. DEL VALLE DE MEXICO,
Date of publication, distribution, etc. 1975
650 14 - SUBJECT ADDED ENTRY--TOPICAL TERM
Topical term or geographic name entry element ANARQUISMO
General subdivision RELIGIONES
-- SECTAS
Existencias
Withdrawn status Lost status Source of classification or shelving scheme Damaged status Not for loan Home library Current library Shelving location Date acquired Source of acquisition Total Checkouts Full call number Barcode Price effective from Koha item type Collection code Inventory number Date last seen Public note
  No inventariado Dewey Decimal Classification     Biblioteca Karol Wojtyla Biblioteca Karol Wojtyla   03/12/2013 Compra   291.9 VAL 2041 03/12/2013 Libro        
    Dewey Decimal Classification   Consulta en sala Biblioteca Karol Wojtyla Biblioteca Karol Wojtyla Sala "Colecciones Especiales" 03/12/2013 Compra   291.9 VAL 89716 03/12/2013 Libro Archivo Motolinia 151000000000000000079395 05/01/2026 Motolinia
  No inventariado Dewey Decimal Classification     Biblioteca Karol Wojtyla Biblioteca Karol Wojtyla   03/12/2013 Compra   291.9 VAL 2040 03/12/2013 Libro        
    Dewey Decimal Classification   Consulta en sala Biblioteca Karol Wojtyla Biblioteca Karol Wojtyla Sala "Colecciones Especiales" 03/12/2013 Compra   291.9 VAL 89717 03/12/2013 Libro Archivo Motolinia 151000000000000000082241 05/01/2026 Motolinia